Datum a čas kvízu

10.5 Celkem bodů Celkový počet nahraných bodů na tomto kvízu bez doplňovacích otázek.
7. Pořadí na kvízu Konečné umístění týmu na tomto kvízu.

Zaznamenané odpovědi

# Otázka Odpověď Body Výsledky
1. Minulý týden vydalo české vývo... Kingdom Come (Deliverance II) 0
2. Český řidič kamionu v pondělí... B) do běžkařské stopy 0
3. Jeden americký umělec obdržel... Kendrick Lamar 0
4. Jedna japonská automobilka ve... Nissan, Honda 0
5. Tento osmnáctiletý český rychl... Metoděj Jílek 0
6. Kterým podstatným jménem se oz... bakteriofágy/fágy 0
7. V roce 2016 vyhlásila WHO glob... zika 0
8. Přiřaďte viry k onemocněním, k... 1D 2C 3B 4A 0
9. Viry mají svou genetickou info... U (uracil) 0
10. Pandemie smrtících virů jsou v... Inferno 0